000 00397nam a22001577a 4500
999 _c525145
_d525145
003 NUST
005 20190628071100.0
008 190628b ||||| |||| 00| 0 eng d
038 _aAzhar
082 _a891.421
_bMAL
100 _4Azam Malik
245 _aSain sunehray ghallay`
_bpunjabi poetry by Azam Malik
260 _aLahore
_bSanjh publications
_c2017
300 _a112p
942 _2ddc
_cBK